The Broadview anthology of British literature / (Record no. 1549)

000 -LEADER
fixed length control field 01333cam a2200325 a 4500
003 - CONTROL NUMBER IDENTIFIER
control field OSt
005 - DATE AND TIME OF LATEST TRANSACTION
control field 20210628115022.0
008 - FIXED-LENGTH DATA ELEMENTS--GENERAL INFORMATION
fixed length control field 070815s2007 onca b 001 0 eng
020 ## - INTERNATIONAL STANDARD BOOK NUMBER
International Standard Book Number 9781551118680 (pbk. : v. A)
020 ## - INTERNATIONAL STANDARD BOOK NUMBER
International Standard Book Number 1551118688 (pbk. : v. A)
020 ## - INTERNATIONAL STANDARD BOOK NUMBER
International Standard Book Number 9781551118697 (pbk. : v. B)
020 ## - INTERNATIONAL STANDARD BOOK NUMBER
International Standard Book Number 1551118696 (pbk. : v. B)
040 ## - CATALOGING SOURCE
Transcribing agency DLC
050 00 - LIBRARY OF CONGRESS CALL NUMBER
Classification number PR1109
Item number .B6747 2007
245 04 - TITLE STATEMENT
Title The Broadview anthology of British literature /
Statement of responsibility, etc. general editors, Joseph Black ... [et al.].
250 ## - EDITION STATEMENT
Edition statement Concise ed.
260 ## - PUBLICATION, DISTRIBUTION, ETC.
Place of publication, distribution, etc. Peterborough, Ont. ;
-- Orchard Park, NY :
Name of publisher, distributor, etc. Broadview Press,
Date of publication, distribution, etc. c2007.
300 ## - PHYSICAL DESCRIPTION
Extent 2 v. :
Other physical details ill. (some col.) ;
Dimensions 24 cm.
504 ## - BIBLIOGRAPHY, ETC. NOTE
Bibliography, etc. note Includes bibliographical references and indexes.
650 #0 - SUBJECT ADDED ENTRY--TOPICAL TERM
Topical term or geographic name entry element English literature.
700 1# - ADDED ENTRY--PERSONAL NAME
Personal name Black, Joseph Laurence,
Dates associated with a name 1962-
906 ## - LOCAL DATA ELEMENT F, LDF (RLIN)
a 7
b cbc
c origcop
d 2
e ncip
f 20
g y-gencatlg
942 ## - ADDED ENTRY ELEMENTS (KOHA)
Source of classification or shelving scheme
Koha item type Book
Suppress in OPAC MM
Holdings
Withdrawn status Lost status Source of classification or shelving scheme Damaged status Not for loan Permanent Location Current Location Shelving location Date acquired Total Checkouts Full call number Barcode Date last seen Price effective from Koha item type Public note Source of acquisition Copy number
          AU LIBRARY AU LIBRARY Open Shelf 28.06.2021   PR1109 .B6747 2007 28000425 28.06.2021 28.06.2021 Book MM    
          AU LIBRARY AU LIBRARY Open Shelf 28.02.2022   PR1109 .B6747 2007 C2 28005641 28.02.2022 28.02.2022 Book WO DONATION FROM MOI UNIVERSITY 2

Powered by Koha